Zákon o stavebných výrobkoch s komentárom
Úplné znenie zákona NR SR č. 90/1998 Z.z. z 10. februára 1998 o stavebných výrobkoch s komentárom. Prílohy k zákonu: Zoznam stavebných výrobkov a postupy preukazovania zhody. Grafické znázornenie značky zhody.
Uložené v:
| Hlavný autor: | |
|---|---|
| Médium: | Kapitola |
| Jazyk: | Slovak |
| Predmet: | |
| Tagy: |
Žiadne tagy, Buďte prvý, kto otaguje tento záznam!
|
MARC
| LEADER | 00000naa a2200000 4500 | ||
|---|---|---|---|
| 001 | r034018 | ||
| 005 | 20230919084203.0 | ||
| 041 | 0 | |a slo | |
| 044 | |a SK | ||
| 245 | 1 | 0 | |a Zákon o stavebných výrobkoch s komentárom |c Soňa Bláhová |
| 520 | |a Úplné znenie zákona NR SR č. 90/1998 Z.z. z 10. februára 1998 o stavebných výrobkoch s komentárom. Prílohy k zákonu: Zoznam stavebných výrobkov a postupy preukazovania zhody. Grafické znázornenie značky zhody. | ||
| 610 | 2 | 0 | |a výroba stavebná |
| 610 | 2 | 0 | |a výrobky |
| 610 | 2 | 0 | |a stavby |
| 610 | 2 | 0 | |a registre |
| 610 | 2 | 0 | |a zákony |
| 610 | 2 | 0 | |a Slovensko |
| 610 | 2 | 0 | |a komentáre |
| 610 | 2 | 0 | |a 1998 |
| 100 | 1 | |a Bláhová, Soňa | |